000 00410nam a22001697a 4500
003 MPLRDC
005 20220104153601.0
008 210129b ||||| |||| 00| 0 eng d
082 _a857.9 QH-33 v.1
100 _a秦红
245 _a剑雨花红. 上集
_c
260 _a
_b毅力出版社
_c
300 _b
490 _a秦红小说专辑. 21
650 _a武侠小说
942 _cBK
_o857.9 QH-33 v.1
999 _c53515
_d53505